Culture Générale - Série 577 - Statistiques

Statistiques générales
  • Ce quiz a été pris 178 fois
  • Le résultat moyen est 7 sur 10
Statistiques - réponses
Question Réponse % Correct
Dans quel pays se trouve le lac de Zurich ? Suisse
97%
Quelle ville japonaise fut presque entièrement détruite par la première bombe atomique le 6 août 1945 ? Hiroshima
96%
Quel organe, le plus volumineux du corps humain, déguste-t-on avec plaisir lorsqu'il s'agit de celui du canard ? foie
92%
Quelle ville des Alpes-Maritimes est considérée comme la capitale mondiale des parfums ? Grasse
86%
Quel est le titre français de la série télévisée "The Love Boat" ? La Croisière s'amuse
76%
Comment sont les rois, d'après le titre de la saga de Maurice Druon, adaptée par Josée Dayan au cinéma ? Maudits
74%
Comment se prénomme la benjamine de la famille Jackson qui a chanté "Scream" avec son frère Michael en 1995 ? Janet
68%
Quel est le prénom de l'humoriste Mezrahi qui piégeait des célébrités en réalisant de fausses interviews sous le nom de Hugues Delatte ? Raphael
68%
Dans "L'Age de glace 3", quel humoriste prête sa voix à "Sid" ? Elie Semoun
50%
Qu'est-ce qu'une grémille ? poisson
32%
Aucun quiz correspondant
Distribution des résultats
% des personnes avec chaque résultat
Percentile par nombre de réponses
Votre historique - résultats
Vous n’avez pas pris ce quiz